000 01187nam a22002411a 4500
001 17846
003 OSt
005 20260204212336.0
008 170102s2015||||dr ||||||b||||||||||spa||
090 _aEDU-IN 2016 J45
100 1 _aJiménez Payano, Minerva
_esustentante
245 1 _aLa Convivencia escolar en el centro de enseñanza Padre Fantino, Distrito Escolar 16-02 municipio de Fantino, año 2015-2016 / Minerva Jiménez Payano, María Alt. Evangelista Jerez y Stephani Anyeseli Jiménez. ; asesor Agustina de la Cruz Aquino.
260 _aCotuí, República Dominicana :
_bUTECO,
_c2016
300 _a 57 hojas :
_bIlustraciones ;
_c28cm.
502 _aTrabajo de grado (Licenciatura en Educación Inicial)--Universidad Tecnológica del Cibao Oriental, 2016
504 _aIncluye referencia bibliográfica e índice
650 1 _aConvivencia escolar en el centro de enseñanza Padre Fantino
700 1 _a Evangelista Jerez, María Alt.
_esustentante
700 1 _a Anyeseli Jiménez, Stephani
_esustentante
700 1 _aDe la Cruz Aquino, Agustina
_easesor
830 _aTesis y disertaciones académicas (Universidad Tecnológica del Cibao Oriental)
942 _2LC
_cTH
999 _c17846
_d17846